000 00225 a2200097 4500
001 37422
100 _aPant J C
245 _aOptimization operation research
260 _aNew Delhi
_bJoin Brothers
_c
090 _c23890
_d23890
942 _aNUST-CAE
_cM
_c15436
999 _c272495
_d272495